000 00866nam a2200229Ii 4500
003 JO-AjNU
008 230605s9999||||xx |||||||||||||| ||und||
017 _a2013/6/1973
020 _a978-9957-575-01-4
040 _aJO-AjNU
_bara
_erda
_cJO-AjNU
041 _aara
050 1 4 _aDS99 2014
100 3 _aتاليف الحزوري، حسام الدين,
_eauthor
_950409
245 0 0 _aدمشق والسبكيين خلال العصر المملوكي: تاريخ وحضارة، فكر واصالة
250 _aط1
264 3 1 _aعمان: دار الحلفظ الدولية للاستشارات والنشر والتوزيع، 2013
300 _a199ص
336 _atext
_btxt
_2rdacontent
337 _aunmediated
_bn
_2rdamedia
338 _avolume
_bnc
_2rdacarrier
650 4 _aدمشق-تاريخ سوريا، السبكيين، المماليك
_950410
999 _aA22204
_c25772
_d25772